A second course of electricity / (Record no. 184216)
[ view plain ]
| 000 -LEADER | |
|---|---|
| fixed length control field | 01240 a2200241 4500 |
| 003 - CONTROL NUMBER IDENTIFIER | |
| control field | NUST |
| 005 - DATE AND TIME OF LATEST TRANSACTION | |
| control field | 20221202140608.0 |
| 010 ## - LIBRARY OF CONGRESS CONTROL NUMBER | |
| LC control number | 74180104 |
| 020 ## - INTERNATIONAL STANDARD BOOK NUMBER | |
| International Standard Book Number | 0521086280 |
| 040 ## - CATALOGING SOURCE | |
| Transcribing agency | Nust |
| 082 00 - DEWEY DECIMAL CLASSIFICATION NUMBER | |
| Classification number | 537,MCK |
| 100 1# - MAIN ENTRY--PERSONAL NAME | |
| Personal name | McKenzie, A. E. E. |
| 9 (RLIN) | 104019 |
| 245 12 - TITLE STATEMENT | |
| Title | A second course of electricity / |
| Statement of responsibility, etc. | A.E.E. McKenzie |
| 250 ## - EDITION STATEMENT | |
| Remainder of edition statement | revised by J. Jenkins and W. H. Jarvis. |
| 260 ## - PUBLICATION, DISTRIBUTION, ETC. | |
| Place of publication, distribution, etc. | London, |
| Name of publisher, distributor, etc. | Cambridge University Press, |
| Date of publication, distribution, etc. | 1957. |
| 300 ## - PHYSICAL DESCRIPTION | |
| Extent | xi, 317 p.: |
| Other physical details | illus., ports. |
| Dimensions | 23 cm. |
| 505 ## - FORMATTED CONTENTS NOTE | |
| Formatted contents note | The Electric Current (Page-1), Electrical Measurements (Page-16), Magnetic Flux (Page-41), Magnetic Material (Page-76), Magnetic Moment . The Earth’s Magnetic Field (Page-98), Electrolysis (Page-120), Cells (Page-132), Qualitative Electrostatics (Page-146), Quantitative Electrostatics (Page-165), Electromagnetic Induction (Page-187), Absolute Measurement . Dimensions (Page-206), Alternating Current (Page-213), Thermoelectric, Photoelectric and Thermionic Effects (Page-228), Radio Transmission and Reception (Page-251), Atomic Physics (Page-272). |
| 650 #0 - SUBJECT ADDED ENTRY--TOPICAL TERM | |
| Topical term or geographic name entry element | Electricity. |
| 9 (RLIN) | 39895 |
| 650 #0 - SUBJECT ADDED ENTRY--TOPICAL TERM | |
| Topical term or geographic name entry element | Magnetism. |
| 9 (RLIN) | 39896 |
| 700 1# - ADDED ENTRY--PERSONAL NAME | |
| Personal name | Jarvis, W. H. |
| 9 (RLIN) | 104020 |
| 700 1# - ADDED ENTRY--PERSONAL NAME | |
| Personal name | Jenkins, John, |
| 9 (RLIN) | 104021 |
| 942 ## - ADDED ENTRY ELEMENTS (KOHA) | |
| Source of classification or shelving scheme | |
| Koha item type | Book |
| Call number prefix | 537,MCK |
| Withdrawn status | Lost status | Source of classification or shelving scheme | Damaged status | Not for loan | Permanent Location | Current Location | Shelving location | Date acquired | Full call number | Barcode | Date last seen | Price effective from | Koha item type | Public note |
|---|---|---|---|---|---|---|---|---|---|---|---|---|---|---|
| Military College of Signals (MCS) | Military College of Signals (MCS) | General Stacks | 12/12/2016 | 537,MCK | MCS5284 | 12/08/2016 | 12/12/2016 | Book | Almirah No.16, Shelf No.4 |
